000 00530cam7a220020500 4500
001 tmp15769772
003 UPRA
005 20190815101103.0
008 951024s1963 za eng u
035 _a(Sirsi) r76320
035 _a(UPRA)tmp15769772
040 _cUPRA
100 1 _aWilson, K. J.
_6A36392.1
245 1 0 _aRed locust in Northern Rhodesia.
260 _aMount Makulu,
_c1963.
500 _aCyclostyled.
650 0 _aRed locust.
_6S1421.1
949 _a(O2) 1963/12
_wlcc
_mMAIN
_tBOOK
_lON-SHELF
004 76320
999 _c62456
_d62456